Avigdor Arikha (Record no. 11883)
[ view plain ]
| 000 - LÍDER | |
|---|---|
| campo de control de longitud fija | 01408nam a2200229Ia 4500 |
| 008 - ELEMENTOS DE DATOS DE LONGITUD FIJA - INFORMACIÓN GENERAL | |
| campo de control de longitud fija | 0000002007 usad 0000000000eng00 |
| 020 ## - INTERNATIONAL STANDARD BOOK NUMBER | |
| International Standard Book Number | 9780897973199 |
| 090 ## - NÚMERO DE LLAMADA DE TIPO LC LOCALMENTE ASIGNADO (OCLC) | |
| Número de clasificación (OCLC) (R) | PRM00 A83a |
| 245 10 - TÍTULO DECLARACIÓN | |
| Título | Avigdor Arikha |
| Resto del título | : twentyfive pastels, 19832007 |
| 260 ## - PUBLICACIÓN, DISTRIBUCIÓN | |
| Lugar de publicación | New York : Marlborough |
| Fecha de publicación | 2007 |
| 300 ## - DESCRIPCIÓN FÍSICA | |
| Alcance | 39 p. |
| Dimensiones | / 30 cm. |
| 500 ## - NOTA GENERAL | |
| Nota general | Artista nacido en Rumania y nacionalizado en Israel \ Exposición realizada en Marlborough, New York, 2007 \ Incluye datos biográficos y cronología del artista \ Proyecto Ganador Programa Apoyos Concertados FGAA 2010 |
| 505 ## - NOTA DE CONTENIDO FORMATEADA | |
| Nota sobre el contenido formateado | OBRAS : After surgery Noga slumbering Interior with drawings Anne with hand in her pocket View downwards Self protrait holding Self portrait nude torso Studio corner with a cracks in the wall Autumm Anne in the doorway Inca sculpture of stamese brothers Cello bow Two oranges and blue naprin Potatoes The augustinian nums sanatorium Outstretched nude woman Studio interior with posters Anne with a gladiolus Sleeping dog Self portrait in profile from the rece Sunflowers Rare breasts Anemones Chinese boX |
| 600 00 - ENTRADA DE SUJETO AÑADIDO - NOMBRE PERSONAL | |
| Nombre de la persona | ARIKHA, AVIGDOR, 19292010/ |
| Subdivisión general | TRABAJOS PICTORICOS |
| 650 14 - ENTRADA DE SUJETO AÑADIDO - TÉRMINO TÓPICO | |
| Término tópico o elemento de entrada del nombre geográfico | ARTE CONTEMPORANEO RUMANO |
| 650 14 - ENTRADA DE SUJETO AÑADIDO - TÉRMINO TÓPICO | |
| Término tópico o elemento de entrada del nombre geográfico | ARTISTAS PLASTICOS RUMANOS |
| 650 14 - ENTRADA DE SUJETO AÑADIDO - TÉRMINO TÓPICO | |
| Subdivisión general | CATALOGOS |
| 650 14 - ENTRADA DE SUJETO AÑADIDO - TÉRMINO TÓPICO | |
| Término tópico o elemento de entrada del nombre geográfico | DIBUJO AL PASTEL |
| 650 14 - ENTRADA DE SUJETO AÑADIDO - TÉRMINO TÓPICO | |
| Subdivisión general | EXPOSICIONES |
| 650 14 - ENTRADA DE SUJETO AÑADIDO - TÉRMINO TÓPICO | |
| Término tópico o elemento de entrada del nombre geográfico | PINTORES RUMANOS |
| 650 14 - ENTRADA DE SUJETO AÑADIDO - TÉRMINO TÓPICO | |
| Término tópico o elemento de entrada del nombre geográfico | PINTURA RUMANA |
| Estado de retirada | Pérdida de estatus | Estado dañado | No para préstamo | Código de recogida | Ubicación permanente | Ubicación actual | Ubicación de las estanterías | Fecha de adquisición | Número de llamada completo | Código de barras | Fecha de la última vez que se vio | Número de copia | Precio efectivo desde | Tipo de artículo Koha |
|---|---|---|---|---|---|---|---|---|---|---|---|---|---|---|
| General | ArtNexus | ArtNexus | General | 06/09/2022 | P-RM-00 A83A | 12002 | 06/09/2022 | Ej.1 | 06/09/2022 | Libro |